000 00295nam a2200121Ia 4500
008 190216s9999||||xx |||||||||||||| ||und||
100 _aDewett K K
245 0 _aPrice Theory Or Micro Economics
260 _bShyamlal Charitable Trust
_c1977
300 _a604p
650 _aEconomics
942 _cBK
999 _c9641
_d9641